|
|
|
|
| LEADER |
01818nam a2200433 i 4500 |
| 001 |
EBC5301727 |
| 003 |
MiAaPQ |
| 005 |
20200520144314.0 |
| 006 |
m o d | |
| 007 |
cr cnu|||||||| |
| 008 |
180308t20172017pau o 000 0 eng d |
| 020 |
|
|
|z 9781628254617
|
| 020 |
|
|
|a 9781628254624 (e-book)
|
| 035 |
|
|
|a (MiAaPQ)EBC5301727
|
| 035 |
|
|
|a (Au-PeEL)EBL5301727
|
| 035 |
|
|
|a (CaPaEBR)ebr11514273
|
| 035 |
|
|
|a (OCoLC)1009069101
|
| 040 |
|
|
|a MiAaPQ
|b eng
|e rda
|e pn
|c MiAaPQ
|d MiAaPQ
|
| 050 |
|
4 |
|a HD69.P75
|b .P536 2017
|
| 082 |
0 |
|
|a 658.404
|2 23
|
| 245 |
0 |
0 |
|a Q & A's for the PMBOK guide /
|c contributors, Ray Alton, Frank T. Anbari, PMP PhD, Nicholas Holdcraft, PMP, PfMP, Jack Hseih, Anthony Johnson, Te Wu, PMP, PhD, Russel Souza.
|
| 250 |
|
|
|a Sixth edition.
|
| 264 |
|
1 |
|a Newtown Square, Pennsylvania :
|b Project Management Institute, Inc.,
|c 2017.
|
| 264 |
|
4 |
|c 2017
|
| 300 |
|
|
|a 1 online resource (360 pages)
|
| 336 |
|
|
|a text
|2 rdacontent
|
| 337 |
|
|
|a computer
|2 rdamedia
|
| 338 |
|
|
|a online resource
|2 rdacarrier
|
| 588 |
|
|
|a Description based on print version record.
|
| 590 |
|
|
|a Electronic reproduction. Ann Arbor, MI : ProQuest, 2018. Available via World Wide Web. Access may be limited to ProQuest affiliated libraries.
|
| 650 |
|
0 |
|a Project management.
|
| 650 |
|
0 |
|a Management.
|
| 655 |
|
4 |
|a Electronic books.
|
| 700 |
1 |
|
|a Alton, Ray,
|e contributor.
|
| 700 |
1 |
|
|a Anbari, Frank T.,
|e contributor.
|
| 700 |
1 |
|
|a Holdcraft, Nicholas,
|e contributor.
|
| 776 |
0 |
8 |
|i Print version:
|t Q & A's for the PMBOK guide.
|b Sixth edition.
|d Newtown Square, Pennsylvania : Project Management Institute, Inc., c2017
|h v, 352 pages
|z 9781628254617
|w 2017041157
|
| 797 |
2 |
|
|a ProQuest (Firm)
|
| 856 |
4 |
0 |
|u https://ebookcentral.proquest.com/lib/matrademy/detail.action?docID=5301727
|z Click to View
|